00333nam a22001337a 4500003000700000005001700007008004100024082001800065100003200083245003100115260004000146300000800186650000500194MPLRDC20220104143142.0210129b ||||| |||| 00| 0 eng d a427 OZYS 9899 a中国城宣传推广公司 a澳洲饮食大全'98/99c ab中国城宣传推广公司c1999 b平 a